| 000 | 00684nam a2200217 a 4500 | ||
|---|---|---|---|
| 001 | 13169 | ||
| 003 | BD-JhCC | ||
| 005 | 20230716103901.0 | ||
| 008 | 230716s20192020bg |||| |||| 000 0 ben d | ||
| 020 | _a978989361804 | ||
| 035 | _a(BD-JhCC)13169 | ||
| 040 |
_aBD-JhCC _dBD-JhCC |
||
| 041 | _aben | ||
| 082 |
_a158 _bHAR 2020 |
||
| 100 | _aহারুন-আর-রশিদ | ||
| 245 |
_aচেঞ্জ এ মাইন্ড চেঞ্জ এ লাইফ / _cহারুন-আর-রশিদ |
||
| 260 |
_aঢাকা : _bগ্রন্থরাজ্য, _c২০২০ |
||
| 300 |
_a১৫৫ পৃ. : _c২১ সেমি. |
||
| 650 | _aSuccess | ||
| 942 |
_2ddc _cBK |
||
| 999 |
_c13169 _d13169 |
||